000 00257nam a22001217a 4500
008 181218b xxu||||| |||| 00| 0 eng d
041 _aeng
080 _a311
100 _a39
101 _aSTA
245 _aStatistics Library
_cDavid.TH
942 _2udc
_cBK
999 _c53388
_d53388